100 iconic VOCALOID songs - Statistics

General Stats
  • This quiz has been taken 423 times
  • The average score is 19 of 104
Answer Stats
Sang by: Song % Correct
Hatsune Miku Tell your world
78%
Akita Neru Stop nagging me!
72%
MEIKO Change me
71%
Hatsune Miku World is Mine
67%
Hatsune MikuKasane Teto Akita Neru Triple baka
66%
Hatsune Miku The disappearance of Hatsune Miku
56%
Hatsune Miku PoPiPo
52%
Hatsune Miku Rolling girl
52%
Hatsune Miku Melt
49%
Megurine Luka Luka Luka★Night Fever
44%
Hatsune Miku Miku
44%
Hatsune MikuMegurine Luka Magnet
39%
Hatsune Miku Ghost rule
37%
Kagamine Rin Meltdown
36%
Kagamine Len Servant of evil
34%
Kagamine Rin Daughter of evil
33%
Hatsune MikuGUMI MATRYOSHKA
33%
Hatsune Miku Romeo and cinderella
33%
KAITOHatsune Miku Cantarella
31%
Hatsune Miku The snow white princess is...
31%
Hatsune Miku Ievan Polkka
28%
Kagamine Len Butterfly on your right shoulder
27%
Hatsune Miku Senbonzakura
27%
Hatsune Miku Electric angel
26%
Hatsune MikuMegurine Luka World's end dancehall
26%
Hatsune MikuKAITO Cendrillon
24%
GUMI Donut hole
24%
Hatsune Miku Viva happy
24%
Kagamine Rin Lost one's weeping
23%
Kamui Gakupo Dancing☆Samurai
21%
Megurine Luka Just be friends
21%
Megurine LukaKamui Gakupo Go google it
20%
Hatsune Miku Hello, how are you?
20%
Kagamine Rin Tokyo teddy bear
20%
Hatsune Miku Unknown mother goose
20%
Hatsune Miku Love is war
18%
Hatsune Miku Two-faced lovers
18%
KAITOMegurine Luka Hatsune Miku Acute
17%
Kagamine Rin Kokoro
17%
Kagamine Rin Pantsu nugeru mon!
17%
Kagamine RinKagamine Len Remote control
17%
Hatsune Miku Ai dee
16%
Kagamine RinKagamine Len Childish war
14%
Megurine Luka Circus monster
14%
Megurine Luka Double Lariat
14%
Kagamine RinMegurine Luka Drop pop candy
14%
KAITOMiki iNSaNiTY
14%
Hatsune Miku Last night, good night
14%
MEIKO Nostalogic
14%
Hatsune Miku Panda hero
14%
Hatsune Miku Sand planet
13%
SeeU I=Fantasy
12%
Lily Error
11%
MEIKO Evil food eater conchita
11%
Kagamine Len Gigantic O.T.N
11%
GUMIMegurine Luka Happy synthesizer
11%
VY2VY1 Hurting for a very hurtful pain
11%
Megurine Luka Secret
11%
Hatsune Miku Sweet devil
11%
Lily Wave
11%
IA A tale of six trillion years and a night
10%
Hatsune Miku Black★Rock Shooter
10%
GUMI Mozaik role
10%
Hatsune Miku ODDS&ENDS
10%
Kagamine Len Spice!
10%
Hatsune Miku Ai kotoba
9%
Hatsune Miku Gomenne gomenne
9%
Kamui Gakupo Madness of duke venomania
9%
Hatsune Miku Miku Miku ni shite ageru
9%
Hatsune Miku Pomp and circumstance
9%
Kagamine Len Fire◎Flower
8%
Kagamine Rin Melancholic
8%
OLIVER Tarantula
8%
GUMI Coward montblanc
7%
Kasane Teto FUKKIRETA
7%
Hatsune Miku *Hello, Planet
7%
KAITO Judgement of corruption
7%
Kasane Teto Kasane Territory
7%
Kagamine RinKagamine Len Suki Kirai
7%
Hatsune MikuMEIKO KAITO Kagamine Len Kagamine Rin Alice of human sacrifice
6%
Kagamine Len Paradichlorobenzene
6%
Hatsune Miku Slowmotion
6%
GUMI Ten faced
6%
Kagamine Rin Tengaku
6%
GUMI The fox's wedding
6%
KAITO A thousand year solo
5%
Hatsune MikuMegurine Luka Kagamine Rin Kagamine Len GUMI Kaai Yuki Mr. Music
5%
Kagamine RinKagamine Len Rin Rin signal
5%
Hatsune Miku Bacterial contamination
4%
Kagamine Rin Iroha uta
4%
Tianyi
Ling Longya Moke YanHe
Qingxian
Ordinary disco
4%
OLIVER Secrets of wysteria
4%
Kagamine Len Soundless voice
4%
VY1 Cyber thunder cider
3%
Hatsune Miku Kocchi muite baby
3%
Kagamine RinGUMI LUVATORRRRRY!
3%
Hatsune MikuMegurine Luka Reboot
3%
Megurine Luka RIP=Release
3%
Kagamine RinKagamine Len Trick or treat
3%
KAITOMEIKO Tsugai kogarashi
2%
Hatsune Miku White letter
2%
Kagamine Len Dream eating monochrome baku
1%
Hatsune Miku Hold, release; rakshasa and carcasses
1%
Hatsune Miku Hoshi no kakera
0%
No matching quizzes found
Score Distribution
Percent of People with Each Score
Percentile by Number Answered
Your Score History
You have not taken this quiz